000 00316nam a22001337a 4500
008 170823b xxu||||| |||| 00| 0 eng d
020 _a0697002659
041 _aeng
080 _a51
100 _a38
101 _aMAT
245 _aPRINCIPLES OF ELEMENTARY ALGEBRA WITH APPLICATIONS
_cNUSTAD,H,L
942 _2udc
_cBK
999 _c24592
_d24592